000 00752nam a22002177a 4500
999 _c18073
_d18073
003 AR-CdUCM
008 190511b ||||| |||| 00| 0 spa d
040 _aMUNICIPALIDAD PROVINCIAL DEL CUSCO
_cBIBLIOTECA MUNICIPAL DEL CUSCO
082 _a149.918 /
_bIN35
100 _aInardi, Massimo
_938440
245 _aHistoria de la parapsicología /
260 _aBogotá :
_bAriel,
_c1976.
300 _a156 páginas ;
_c25 cm.
505 _aContenido : Comienzos de la parapsicología -- Nacimiento y espiritismo -- Periodo precientífico de la parapsicología...
650 _aPeriodo mítico
_938441
650 _aPeriodo precientifico
_938442
650 _aMagnetismo
_919341
650 _aHipnotismo
_924154
942 _2ddc
_cLIBROS
945 _arcc